Politická a ekonomická integrácia na africkom kontinente bakalárska práca

Gespeichert in:
Bibliographische Detailangaben
1. Verfasser: Belesová, Katarína
Körperschaft: Fakulta medzinárodných vzťahov EU. Katedra medzinárodných ekonomických vzťahov a hospodárskej diplomacie
Weitere Verfasser: Ščepán, Michal
Format: Buch
Sprache:Slowakisch
Veröffentlicht: Bratislava 2009
Tags: Tag hinzufügen
Keine Tags, Fügen Sie das erste Tag hinzu!

MARC

LEADER 00000nam$a2200000$$$4500
001 0099721
005 20240318140904.5
041 0 |a slo 
044 |a SK 
245 1 0 |a Politická a ekonomická integrácia na africkom kontinente  |b bakalárska práca  |c Katarína Belesová ; škol. Michal Ščepán 
264 1 |a Bratislava  |c 2009 
300 |a 46 s. 
100 1 |a Belesová, Katarína 
700 1 |a Ščepán, Michal 
710 2 |a Fakulta medzinárodných vzťahov EU. Katedra medzinárodných ekonomických vzťahov a hospodárskej diplomacie